000 00672nam a2200301Ia 4500
005 20260401122419.0
008 008 250103s9999 xx 000 0 eng d
020 _a9780821416679
037 _aTB
040 _aEDL
040 _beng
040 _cEDL
041 _2eng
041 _aeng
084 _a822.3 CRO
084 _qEDL
100 _aCrowl, Samuel
_91233542
245 0 _aShakespeare Cineplex: Kenneth Branagh Era
245 0 _cCrowl, Samuel
260 _aAthens
260 _bOhio University Press
260 _c2003
300 _a254p
942 _cTB
942 _h822.3 CRO
999 _c1847116
_d1847116